000 00832cam a2200241 a 4500
001 000005920
005 20200929151836.0
008 760827s1974 sp 001 p spa
040 _aDO-SdBNP
_cDLC
_dDLC
082 _a861.64
_bG964s
100 1 _aGuinda, Ángel,
_d1948-
_916702
245 1 3 _aLa senda /
_cÁngel Guinda.
260 _aZaragoza, España :
_bInstitución "Fernando el Católico",
_c1974.
300 _a94 p. ;
_c25 cm.
490 1 _aSan Jorge
_vvol. 6
490 1 _aPublicacion de la Institucion "Fernando el Católico"
_vno. 578
500 _aPoemas.
650 4 _aPoesía española
_9631
650 4 _aLiteratura española
_ySIGLO XXI
_94846
830 0 _aSan Jorge ;
_vvol. 6.
_914367
830 0 _aPublicacion de la Institucion "Fernando el Catolico" ;
_vno. 578.
_916703
910 _aCatalogación por copia / LC
999 _c5716
_d5716